| 000 | 00914nam a22002537a 4500 | ||
|---|---|---|---|
| 003 | CBULib | ||
| 005 | 20240517075423.0 | ||
| 008 | 240517b |||||||| |||| 00| 0 eng d | ||
| 020 | _a9789211130737 | ||
| 040 |
_aCBULib _bEnglish _cCBULib _erda |
||
| 050 | _aUNCTAD(058)RMT/2022 | ||
| 110 |
_9359 _aUnited Nations Conference on Trade and Development (UNCTAD) |
||
| 245 |
_aReview of maritime transport : 2022 : navigating stormy waters _c/ by United Nations Conference on Trade and Development (UNCTAD) |
||
| 260 |
_aGeneva : _bUnited Nations, _c2022 |
||
| 300 | _axxx, 174 pages : illustrations | ||
| 336 |
_2rdacontent _aText | _btxt |
||
| 337 |
_2rdamedia _aUnmediated | _bn |
||
| 338 |
_2rdacarrier _aVolume _bnc |
||
| 650 | _aREVIEW OF MARITIME TRANSPORT - 2022 | ||
| 650 | _aNAVIGATING STORMY WATERS | ||
| 650 | _aMARITIME TRANSPORT | ||
| 650 | _aFREIGHT RATES AND TRANSPORT COSTS | ||
| 942 |
_2mc _c029 |
||
| 999 |
_c85000 _d85000 |
||